UM Logo

Enchoing words for deaf kids/ (Record no. 4088)

MARC details
000 -LEADER
fixed length control field 00534nam a2200169 4500
008 - FIXED-LENGTH DATA ELEMENTS--GENERAL INFORMATION
fixed length control field 160824b xxu||||| |||| 00| 0 eng d
022 ## - INTERNATIONAL STANDARD SERIAL NUMBER
International Standard Serial Number 2094-8042
082 ## - DEWEY DECIMAL CLASSIFICATION NUMBER
Classification number DPer 370.105 M72 Jan-Dec 2012 v. 60-61
100 ## - MAIN ENTRY--PERSONAL NAME
9 (RLIN) 13607
Personal name Altez, Miguela
243 ## - COLLECTIVE UNIFORM TITLE
Unifor title <a href="The modern teacher">The modern teacher</a>
245 ## - TITLE STATEMENT
Title Enchoing words for deaf kids/
Statement of responsibility, etc. Miguela Altez.
260 ## - PUBLICATION, DISTRIBUTION, ETC. (IMPRINT)
Place of publication, distribution, etc. Philippines:
Name of publisher, distributor, etc. In the Grade School, Inc.,
Date of publication, distribution, etc. ©2012.
300 ## - PHYSICAL DESCRIPTION
Extent pages 360+;
Dimensions 28 cm.
500 ## - GENERAL NOTE
General note The Modern Teacher
650 #0 - SUBJECT ADDED ENTRY--TOPICAL TERM
9 (RLIN) 18720
Topical term or geographic name as entry element Handicapped children
942 ## - ADDED ENTRY ELEMENTS (KOHA)
Source of classification or shelving scheme Dewey Decimal Classification
Koha item type Periodicals
Holdings
Withdrawn status Lost status Source of classification or shelving scheme Damaged status Not for loan Collection code Home library Current library Date acquired Total Checkouts Full call number Date last seen Price effective from Koha item type Public note
    Dewey Decimal Classification     Periodicals UM Digos College - LIC UM Digos College - LIC 08/24/2016   DPer 370.105 M72 Jan-Dec 2012 v. 60-61 08/24/2016 08/24/2016 Periodicals Periodical article